Vedecko výskumná činnosť katedry marketingu (abstrakty)

Bibliographic Details
Other Authors: Lipianska, Júlia, 1950- (Compiler), Štensová, Antónia, 1940- (Compiler)
Format: Book
Language:Slovak
PhysicalDescription:69 s. 21 cm
Published: Bratislava Ekonóm 1998
ISBN:8022510777
Subjects:

MARC

LEADER 00000nam a2200000 a 4500
001 vtls001355653
003 SK-MaSNL
005 20260301114934.0
008 160208s1998 xo r 0 slo
015 |a SNBE1999/02-00754 
020 |a 8022510777 
035 |a SNK000309118 
035 |a urn:nbn:sk:snk-amkixy 
035 |a urn:nbn:sk:snk-am003aso 
035 |a 355557A9-94E7-4B13-A2A9-54443CF23143 
040 |a SNK  |b slo  |c SNK  |e AACR2 
041 0 |a slo 
044 |a xo  |c SK 
080 |a 378.4.096:339:001.8(083.9)  |2 1981 
080 |a 001.8  |2 1981 
245 0 0 |a Vedecko výskumná činnosť katedry marketingu  |b (abstrakty)  |c zostavil: Júlia Lipianska, Antónia Štensová 
260 |a Bratislava  |b Ekonóm  |c 1998 
300 |a 69 s.  |c 21 cm 
610 2 7 |a Ekonomická univerzita v Bratislave.  |b Obchodná fakulta.  |b Katedra marketingu  |2 SNK  |9 177231 
655 7 |a informačné publikácie  |2 SNK  |9 70181 
700 1 |a Lipianska, Júlia,  |d 1950-  |4 com  |9 107020 
700 1 |a Štensová, Antónia,  |d 1940-  |4 com  |9 97839 
919 |a 80-225-1077-7 
958 |a TL 
999 |c 720319  |d 722249 
952 |t P60, <03>, [BOOK], {603}  |a SNK  |b SNK  |y PREZ  |7 0  |p 17A0181365  |o snkSC 97920  |i snkKSP 1832/99  |0 0  |1 0  |4 0  |d 1999-02-22  |f 1  |l 0  |r 2025-09-18 00:00:00  |w 2026-02-23 
952 |t P60, <04>, [BOOK], {604}  |a SNK  |b SNK  |y VYP  |7 0  |p 17A0181364  |o snkSC 97920 D1  |i snkKSP 1833/99  |0 0  |1 0  |4 0  |d 1999-02-22  |l 0  |r 2005-01-02 00:00:00  |w 2026-02-23